[Event "Mecklenburg VP Verbandsliga 2223"]
[Site "Mecklenburg VP"]
[Date "2023.05.07"]
[Round "9.2"]
[White "Markovych, Illya"]
[Black "Hubert, Peter"]
[Result "1-0"]
[WhiteElo "2028"]
[BlackElo "2114"]
[PlyCount "69"]
[EventDate "2022.10.23"]
[EventType "team-tourn"]
[EventRounds "9"]
[EventCountry "GER"]
[SourceTitle "EXT 2024"]
[Source "ChessBase"]
[SourceDate "2023.10.10"]
[SourceVersion "1"]
[SourceVersionDate "2023.10.10"]
[SourceQuality "1"]
[WhiteTeam "Makkabi Rostock"]
[BlackTeam "Stralsund HSG"]
[WhiteTeamCountry "GER"]
[BlackTeamCountry "GER"]

1. e4 e6 2. d4 d5 3. e5 c5 4. c3 Nc6 5. Nf3 Qb6 6. a3 a5 7. Bd3 Bd7 8. Bc2 h5 9. 0-0 g6 10. b3 Nh6 11. dxc5 Bxc5 12. Qe2 Nf5 13. Bf4 Rc8 14. Nbd2 Bf8 15. Bd3 Bh6 16. Bxh6 Nxh6 17. b4 Ne7 18. Rac1 Nhf5 19. Nb3 axb4 20. axb4 0-0 21. h3 Rc7 22. g4 Ng3 23. Qd2 hxg4 24. hxg4 Ne4 25. Bxe4 dxe4 26. Nfd4 Kg7 27. c4 Nc6 28. Nxc6 Bxc6 29. b5 Be8 30. Qd8 e3 31. Qf6+ Kg8 32. Rc3 Bxb5 33. Rxe3 Rxc4 34. Rh3 Rxg4+ 35. Kh2 1-0

[Event "Mecklenburg VP LL2 Ost 1819"]
[Site "Mecklenburg VP"]
[Date "2019.04.07"]
[Round "9.2"]
[White "Markovych, Illya"]
[Black "Buenz, Heinrich"]
[Result "1-0"]
[WhiteElo "1899"]
[BlackElo "1632"]
[PlyCount "107"]
[EventDate "2018.10.21"]
[EventType "team-tourn"]
[EventRounds "9"]
[EventCountry "GER"]
[SourceTitle "EXT 2022"]
[Source "ChessBase"]
[SourceDate "2021.10.06"]
[SourceVersion "1"]
[SourceVersionDate "2021.10.06"]
[SourceQuality "1"]
[WhiteTeam "Rostock Makkabi"]
[BlackTeam "Neubrandenburg SG Eintracht II"]
[WhiteTeamCountry "GER"]
[BlackTeamCountry "GER"]

1. e4 e5 2. Nf3 Nc6 3. d4 exd4 4. Nxd4 Qf6 5. Nb5 Bc5 6. f3 Bb6 7. N1c3 Nge7 8. Qe2 0-0 9. Be3 Ba5 10. Qd3 a6 11. Nd4 Ne5 12. Qd2 b5 13. Bg5 Qd6 14. Ndxb5 Qxd2+ 15. Kxd2 N7c6 16. Na3 f5 17. Nc4 fxe4 18. Nxa5 Nxa5 19. Nxe4 Bb7 20. Bd3 d6 21. b3 Rf5 22. Be3 Rd8 23. Ng3 Rf7 24. Bg5 Rdf8 25. Kc3 Nac6 26. Be4 Na5 27. Rad1 Bxe4 28. Nxe4 Nac6 29. Be3 Ng6 30. Rhe1 Nce7 31. Ng5 Rf5 32. Ne6 Rc8 33. Bd4 Nd5+ 34. Kb2 Nf6 35. Bc3 Kf7 36. g4 Rb5 37. a4 Rb7 38. Nxg7 Kxg7 39. g5 Rf8 40. Bxf6+ Kf7 41. Rd4 Rbb8 42. Rde4 Rbe8 43. Kc3 c6 44. Kd4 Rb8 45. Re6 c5+ 46. Kc3 d5 47. Rxa6 Rb7 48. Rc6 Nh4 49. Rxc5 Nxf3 50. Rf1 Nxh2 51. Rh1 d4+ 52. Bxd4 Kg6 53. Rxh2 Rbf7 54. Rh6# 1-0

[Event "Mecklenburg VP LL2 Ost 1819"]
[Site "Mecklenburg VP"]
[Date "2018.11.11"]
[Round "2.2"]
[White "Kilp, Gunnar"]
[Black "Markovych, Illya"]
[Result "0-1"]
[WhiteElo "1677"]
[BlackElo "1899"]
[PlyCount "61"]
[EventDate "2018.10.21"]
[EventType "team-tourn"]
[EventRounds "9"]
[EventCountry "GER"]
[SourceTitle "EXT 2022"]
[Source "ChessBase"]
[SourceDate "2021.10.06"]
[SourceVersion "1"]
[SourceVersionDate "2021.10.06"]
[SourceQuality "1"]
[WhiteTeam "Torgelow Droegeheide II"]
[BlackTeam "Rostock Makkabi"]
[WhiteTeamCountry "GER"]
[BlackTeamCountry "GER"]

1. d4 Nf6 2. Nf3 g6 3. Bf4 Bg7 4. e3 0-0 5. Bc4 d6 6. 0-0 Nbd7 7. Nbd2 c6 8. c3 b5 9. Bb3 Bb7 10. a4 a6 11. axb5 axb5 12. Qc2 c5 13. dxc5 dxc5 14. c4 b4 15. Ba4 Nb6 16. Bb5 Nfd7 17. Rfd1 e5 18. Bg3 f5 19. Rxa8 Bxa8 20. Bh4 Qc7 21. Nb3 Re8 22. Qd2 Bc6 23. Bxc6 Qxc6 24. Na5 Qa8 25. Ra1 e4 26. Ne1 Ne5 27. Nc2 Nd3 28. Nb3 Qc6 29. Na5 Qe6 30. Rb1 Bxb2 31. Ne1 0-1

[Event "Mecklenburg VP LL2 Ost 1112"]
[Site "Mecklenburg VP"]
[Date "2012.03.18"]
[Round "8.3"]
[White "Markovych, Illya"]
[Black "Staben, Norbert"]
[Result "1-0"]
[WhiteElo "1818"]
[BlackElo "1677"]
[PlyCount "51"]
[EventDate "2011.10.02"]
[EventType "team-tourn"]
[EventRounds "9"]
[EventCountry "GER"]
[SourceTitle "EXT 2022"]
[Source "ChessBase"]
[SourceDate "2021.10.06"]
[SourceVersion "1"]
[SourceVersionDate "2021.10.06"]
[SourceQuality "1"]
[WhiteTeam "Rostock HSG Uni"]
[BlackTeam "Warnemuende SF Ostsee II"]
[WhiteTeamCountry "GER"]
[BlackTeamCountry "GER"]

1. e4 c5 2. c3 d5 3. exd5 Qxd5 4. d4 cxd4 5. cxd4 Nc6 6. Nf3 Bg4 7. Nc3 Qd8 8. d5 Bxf3 9. gxf3 Nb8 10. Bf4 a6 11. Rc1 Nf6 12. Qb3 b6 13. Bc4 Nbd7 14. d6 e6 15. Bxe6 fxe6 16. Qxe6+ Be7 17. 0-0 Nc5 18. Qe2 Kf7 19. Qc4+ Kg6 20. Kh1 h6 21. Rg1+ Kh7 22. Qf7 Bf8 23. Rg6 Ng8 24. Rcg1 Qf6 25. Rxf6 Nxf6 26. Qg6+ 1-0

[Event "Mecklenburg VP LL2 Ost 1112"]
[Site "Mecklenburg VP"]
[Date "2011.12.11"]
[Round "4.4"]
[White "Markovych, Illya"]
[Black "Richter, Frank"]
[Result "1/2-1/2"]
[WhiteElo "1818"]
[BlackElo "1687"]
[PlyCount "83"]
[EventDate "2011.10.02"]
[EventType "team-tourn"]
[EventRounds "9"]
[EventCountry "GER"]
[SourceTitle "EXT 2022"]
[Source "ChessBase"]
[SourceDate "2021.10.06"]
[SourceVersion "1"]
[SourceVersionDate "2021.10.06"]
[SourceQuality "1"]
[WhiteTeam "Rostock HSG Uni"]
[BlackTeam "Waterkant Saal SV"]
[WhiteTeamCountry "GER"]
[BlackTeamCountry "GER"]

1. e4 e5 2. Nf3 Nc6 3. Bb5 a6 4. Bxc6 bxc6 5. 0-0 d6 6. d4 exd4 7. Nxd4 Bd7 8. Re1 c5 9. Nf3 Be7 10. Nc3 Be6 11. Nd5 Nf6 12. Nxe7 Qxe7 13. e5 dxe5 14. Nxe5 0-0 15. Bg5 Qd6 16. Bxf6 gxf6 17. Nf3 Qb6 18. b3 Kh8 19. c4 Bg4 20. Re3 Rad8 21. Qc2 Rfe8 22. Rxe8+ Rxe8 23. Re1 Rxe1+ 24. Nxe1 Qe6 25. Qd2 Kg7 26. Nc2 Qd6 27. Qxd6 cxd6 28. Ne3 Be6 29. f3 Kg6 30. Kf2 Kg5 31. Kg3 f5 32. f4+ Kh5 33. Kh3 f6 34. Kg3 Kg6 35. Kh4 h5 36. Kg3 Kg7 37. h4 Kf8 38. Kf2 Ke7 39. Ke2 Kd7 40. Kd3 Kc6 41. Nf1 Bf7 42. Ne3 1/2-1/2

[Event "Mecklenburg VP VL 1011"]
[Site "Mecklenburg VP"]
[Date "2011.03.20"]
[Round "8.5"]
[White "Romoth, Lars"]
[Black "Markovych, Illya"]
[Result "1/2-1/2"]
[WhiteElo "1803"]
[BlackElo "1779"]
[PlyCount "81"]
[EventDate "2010.10.10"]
[EventType "team-tourn"]
[EventRounds "9"]
[EventCountry "GER"]
[SourceTitle "EXT 2022"]
[Source "ChessBase"]
[SourceDate "2021.10.06"]
[SourceVersion "1"]
[SourceVersionDate "2021.10.06"]
[SourceQuality "1"]
[WhiteTeam "Gryps SV"]
[BlackTeam "Rostock HSG Uni"]
[WhiteTeamCountry "GER"]
[BlackTeamCountry "GER"]

1. e4 e6 2. d4 d5 3. exd5 exd5 4. Bd3 Bd6 5. Qf3 c6 6. Ne2 Qf6 7. Nd2 Be6 8. 0-0 Nd7 9. Qxf6 Ndxf6 10. Ng3 Bxg3 11. fxg3 Ne7 12. Nf3 h6 13. Ne5 Nd7 14. Nxd7 Kxd7 15. Bd2 Nc8 16. Rae1 Nd6 17. Bf4 Rae8 18. Be5 f6 19. Bxd6 Kxd6 20. Bg6 Re7 21. Re3 Rc8 22. Rfe1 Rcc7 23. b4 Bf7 24. Bxf7 Rxe3 25. Rxe3 Rxf7 26. g4 b6 27. h3 c5 28. dxc5+ bxc5 29. a3 Rc7 30. c3 a5 31. Kf2 axb4 32. axb4 cxb4 33. cxb4 d4 34. Rb3 Kd5 35. b5 Kc4 36. Rb1 Rb7 37. b6 Kc3 38. Ke1 Kc2 39. Rb5 Re7+ 40. Kf2 Rb7 41. Ke1 1/2-1/2

[Event "Mecklenburg VP VL 1011"]
[Site "Mecklenburg VP"]
[Date "2011.01.23"]
[Round "6"]
[White "Markovych, Illya"]
[Black "Ehlers, Michael2222"]
[Result "0-1"]
[WhiteElo "1779"]
[BlackElo "1852"]
[PlyCount "102"]
[EventDate "2010.10.10"]
[EventType "team-tourn"]
[EventRounds "9"]
[EventCountry "GER"]
[SourceTitle "EXT 2022"]
[Source "ChessBase"]
[SourceDate "2021.10.06"]
[SourceVersion "1"]
[SourceVersionDate "2021.10.06"]
[SourceQuality "1"]
[WhiteTeam "Rostock HSG Uni"]
[BlackTeam "Torgelow Droegeheide"]
[WhiteTeamCountry "GER"]
[BlackTeamCountry "GER"]

1. e4 c5 2. c3 d5 3. exd5 Qxd5 4. d4 Nc6 5. Nf3 Nf6 6. Be2 cxd4 7. cxd4 e6 8. 0-0 Be7 9. Nc3 Qd8 10. Be3 0-0 11. Qb3 Na5 12. Qc2 b6 13. a3 Bb7 14. b4 Nc6 15. Qb3 Rc8 16. Rfd1 Nb8 17. b5 Qd6 18. Ne5 Nd5 19. Nc4 Qc7 20. Rac1 Nxc3 21. Rxc3 Bd5 22. Rdc1 Qb7 23. f3 Nd7 24. Qc2 Qb8 25. Bf2 Qf4 26. Qd3 Bxc4 27. Rxc4 Qxc1+ 28. Rxc1 Rxc1+ 29. Bf1 Nf6 30. g3 Rfc8 31. Be3 R1c3 32. Qe2 Bxa3 33. Bd2 Rc2 34. Qd3 Be7 35. h4 Nd5 36. f4 Bf6 37. Be1 Ra2 38. Qe4 Ra1 39. f5 Nc7 40. Qb7 Rd8 41. Bc3 Rc1 42. Bb2 Rc2 43. Ba1 Nxb5 44. fxe6 fxe6 45. Bxb5 Rc1+ 46. Kg2 Rxa1 47. Qe4 Bxd4 48. Qxe6+ Kh8 49. Qe4 Ra2+ 50. Kh3 Bg1 51. Bd3 Rh2+ 0-1